01_北海道の市町村(ひらがな対応・五十音順) - Statistics

General Stats
  • This quiz has been taken 79 times
  • The average score is 121 of 185
Answer Stats
種類 市町村名 % Correct
札幌市
100%
釧路市
98%
釧路町
98%
稚内市
98%
北広島市
95%
函館市
95%
旭川市
93%
石狩市
93%
小樽市
93%
根室市
93%
室蘭市
93%
夕張市
93%
江別市
90%
千歳市
90%
登別市
90%
長万部町
88%
士別市
88%
苫小牧市
88%
利尻町
88%
網走市
86%
標津町
86%
日高町
86%
富良野市
86%
北斗市
86%
留萌市
86%
礼文町
86%
岩見沢市
83%
北見市
81%
ニセコ町
81%
芦別市
79%
厚岸町
79%
江差町
79%
枝幸町
79%
新ひだか町
79%
泊村
79%
紋別市
79%
羅臼町
79%
赤平市
76%
えりも町
76%
奥尻町
76%
音威子府村
76%
帯広市
76%
伊達市
76%
洞爺湖町
76%
中標津町
76%
森町
76%
歌志内市
74%
恵庭市
74%
木古内町
74%
中富良野町
74%
新冠町
74%
美唄市
74%
南富良野町
74%
厚沢部町
71%
倶知安町
71%
佐呂間町
71%
占冠村
71%
赤井川村
69%
厚真町
69%
上富良野町
69%
猿払村
69%
積丹町
69%
砂川市
69%
せたな町
69%
天塩町
69%
弟子屈町
69%
中頓別町
69%
名寄市
69%
浜頓別町
69%
深川市
69%
利尻富士町
69%
愛別町
67%
足寄町
67%
浦河町
67%
興部町
67%
新十津川町
67%
美瑛町
67%
松前町
67%
留寿都村
67%
和寒町
67%
池田町
64%
遠別町
64%
上川町
64%
訓子府町
64%
様似町
64%
色丹村
64%
斜里町
64%
滝川市
64%
当別町
64%
豊富町
64%
中川町
64%
福島町
64%
増毛町
64%
余市町
64%
大空町
62%
京極町
62%
黒松内町
62%
標茶町
62%
初山別村
62%
新得町
62%
沼田町
62%
美幌町
62%
別海町
62%
幌延町
62%
三笠市
62%
八雲町
62%
蘭越町
62%
岩内町
60%
遠軽町
60%
上ノ国町
60%
知内町
60%
寿都町
60%
壮瞥町
60%
豊浦町
60%
真狩村
60%
むかわ町
60%
安平町
57%
浦幌町
57%
音更町
57%
共和町
57%
鹿部町
57%
士幌町
57%
紗那村
57%
白老町
57%
白糠町
57%
新篠津村
57%
七飯町
57%
陸別町
57%
留夜別村
57%
今金町
55%
浦臼町
55%
置戸町
55%
上砂川町
55%
神恵内村
55%
喜茂別町
55%
下川町
55%
大樹町
55%
秩父別町
55%
当麻町
55%
中札内村
55%
南幌町
55%
西興部村
55%
平取町
55%
幌加内町
55%
幕別町
55%
留別村
55%
雨竜町
52%
上士幌町
52%
剣淵町
52%
蘂取村
52%
豊頃町
52%
比布町
52%
美深町
52%
芽室町
52%
雄武町
50%
小清水町
50%
島牧村
50%
滝上町
50%
鶴居村
50%
苫前町
50%
浜中町
50%
北竜町
50%
妹背牛町
50%
湧別町
50%
小平町
48%
更別村
48%
清水町
48%
仁木町
48%
羽幌町
48%
東神楽町
48%
東川町
48%
古平町
48%
由仁町
48%
乙部町
45%
清里町
45%
栗山町
45%
津別町
45%
奈井江町
45%
本別町
45%
鹿追町
43%
鷹栖町
43%
月形町
40%
広尾町
40%
長沼町
38%
No matching quizzes found
Score Distribution
Percent of People with Each Score
Percentile by Number Answered
Your Score History
You have not taken this quiz